[Event "EU-ch 6th"]
[Site "Warsaw"]
[Date "2005.06.18"]
[Round "1"]
[White "Erenburg, Sergey"]
[Black "Guseinov, Elmir"]
[Result "0-1"]
[WhiteElo "2575"]
[BlackElo "2391"]
[Annotator "Ftacnik,L"]
[PlyCount "64"]
[EventDate "2005.06.18"]
[EventType "swiss"]
[EventRounds "13"]
[EventCountry "POL"]
[SourceTitle "CBM 108"]
[Source "ChessBase"]
[SourceDate "2005.09.26"]
[SourceVersion "1"]
[SourceVersionDate "2005.09.26"]
[SourceQuality "1"]

1. e4 c5 2. Nf3 Nc6 3. d4 cxd4 4. Nxd4 e6 5. Nc3 d6 6. Be3 Nf6 7. f3 Be7 8. Qd2
O-O 9. O-O-O d5 10. exd5 Nxd5 11. Nxd5 Qxd5 12. c4 Qd6 13. Nxc6 Qxc6 14. Bd3 e5
15. Qc2 h6 {Guseinov is not willing to compromise his position with hanging
central pawns, his ambitions are directed to the queenside.} 16. Be4 (16. Kb1
Be6 17. Rhe1 Rfc8 18. b3 a5 19. a4 Bc5 20. Bc1 Bd4 21. Bb2 Qc5 22. Bxd4 exd4
23. f4 Qb4 24. Kb2 b5 25. axb5 a4 {0-1 Vorobiov,E-Grigoriants,S/Moscow 2000/ 
(36)}) 16... Qa6 17. Kb1 Be6 18. Bd5 (18. b3 Rac8 19. Rhe1 b5 20. c5 b4 $132)
18... Rac8 19. b3 b5 $1 20. cxb5 (20. c5 Rc7 21. Rhe1 b4 $11) 20... Qxb5 21.
Qe4 Bxd5 22. Rxd5 Qe2 23. Rd2 {Erenburg has to be careful, as his king is
having somewhat shaky shelter.} (23. Bxa7 Qxg2 24. Rdd1 (24. Rg1 Ba3 $19) 24...
Ba3 25. Qxe5 Qc2+ 26. Ka1 Rfe8 27. Qd4 Re2 $19) 23... Qb5 (23... Qa6 24. Rhd1
Rfe8 $11) 24. Bxa7 (24. Rd5 Qa6 25. Rhd1 Rfd8 $13) 24... Qa5 25. Be3 (25. Rd7
Bg5 (25... Rc7 26. Rxc7 Qxc7 27. Be3 Rd8 $13) 26. Rhd1 Rfd8 27. Rxd8+ Bxd8 28.
Be3 Bb6 $13) 25... Rc3 $1 26. Rhd1 (26. Rd5 Qa6 27. Rxe5 Ra8 $1 28. Qxa8+ Qxa8
29. Rxe7 Qd8 $19) 26... Ra8 27. Qb7 $2 {[%mdl 8192] Serious tactical
miscalculation, black can now win crucial tempo for the enhamcement of his
attack.} (27. Bb6 Rxb3+ $1 28. axb3 Qa1+ 29. Kc2 Rc8+ 30. Kd3 Qa6+ 31. Ke3 Bg5+
32. Kf2 Qxb6+ $17) (27. Rb2 $5 f5 28. Qb7 Rxe3 29. Qxe7 Re1 30. Qd7 Rxd1+ 31.
Qxd1 Rd8 32. Qe2 $11) 27... Qa3 (27... Rxe3 28. Qxe7 Re1 $1 29. Rxe1 Qxd2 30.
Rxe5 Rxa2 $19) 28. Bf2 (28. Qb6 Kh7 29. Bf2 Rac8 30. Rb2 Bg5 $19) 28... Rac8 $1
{Suddenly white is unable to prevent disaster on the basic rank.} 29. Qxc8+ (
29. Rb2 Bg5 $19) 29... Rxc8 30. Re2 Bg5 31. Be3 Qa6 32. Rde1 Qg6+ 0-1

[Event "EU-ch 1st"]
[Site "Saint Vincent"]
[Date "2000.07.11"]
[Round "8"]
[White "Conquest, Stuart"]
[Black "Yakovich, Yuri"]
[Result "1-0"]
[WhiteElo "2529"]
[BlackElo "2585"]
[Annotator "Ftacnik,L"]
[PlyCount "75"]
[EventDate "2000.07.03"]
[EventType "swiss"]
[EventRounds "11"]
[EventCountry "ITA"]
[SourceTitle "CBM 078"]
[Source "ChessBase"]
[SourceDate "2000.10.18"]
[SourceVersion "1"]
[SourceVersionDate "2000.10.18"]
[SourceQuality "1"]

1. e4 c5 2. Nc3 e6 3. Nf3 a6 4. d4 cxd4 5. Nxd4 d6 6. Be3 Nf6 7. f3 b5 8. Qd2
Nbd7 9. g4 Nb6 10. Qf2 Nfd7 11. Bd3 Bb7 12. O-O-O Rc8 13. Nce2 Be7 14. Kb1 O-O
15. g5 d5 16. g6 $6 {[%mdl 128] Conquest uses a famous idea of preemptive
opening of the kingside. Unfortunatelly for him the standard sacrifice usually
comes in a position, where black doesn't already has such active pieces.} hxg6
(16... dxe4 17. gxh7+ (17. gxf7+ $2 Rxf7 18. Nxe6 exd3 19. Rxd3 Qe8 20. Bxb6
Nxb6 21. Qxb6 Bxf3 $19) 17... Kxh7 18. fxe4 $14) 17. h4 Nc4 (17... e5 $5 18.
Nb3 (18. h5 $2 exd4 19. hxg6 dxe3 20. Qh2 fxg6 21. e5 Bh4 $19) 18... d4 19. Bd2
Nf6 $17) 18. Bxc4 Rxc4 (18... dxc4 19. e5 $1 Qc7 (19... Nxe5 20. h5 Qc7 21. h6
$13) 20. h5 $40) 19. h5 g5 $2 {Black misjudges the situation and allows
opening of the g file. It took some courage to calculate the consequences of
the better defense 19...e5, but the game move is helping white.} (19... e5 20.
Nb3 (20. hxg6 exd4 21. Nxd4 dxe4 22. Qh2 fxg6 23. Ne6 Qc8 $19) 20... dxe4 21.
f4 $15) 20. b3 Rc8 21. f4 $1 dxe4 (21... gxf4 22. Nxf4 e5 23. h6 $1 exf4 $140
$2 24. hxg7 fxe3 25. Nf5 $18) 22. fxg5 Bxg5 23. Rhg1 Bxe3 (23... Bf6 24. h6 $40
) 24. Qxe3 Kh7 (24... Qc7 25. Qg5 Qe5 26. Nf5 $1 exf5 27. Rxd7 $18) 25. Nf4 {
This fascinating position is clearly better for white despite the missing pair
of pawns. Black has no counterplay and lots of problems along the open d and g
files, white knights are ideally placed for numerous jumps and sacrifices.} Qc7
(25... Qe7 26. Ng6 $1 fxg6 27. hxg6+ Kg8 28. Qh3 $18) (25... e5 26. Nfe6 fxe6 (
26... exd4 27. Rxg7+ Kh8 28. Qh6#) 27. Nxe6 Qe7 28. Rxg7+ Qxg7 29. Nxg7 $18) (
25... Re8 26. Nfxe6 Rxe6 (26... fxe6 27. Rxg7+ Kxg7 28. Rg1+ Kf7 (28... Kh7 29.
Rg6 $18) 29. Qh6 $18) 27. Nxe6 fxe6 28. Qd4 $16) (25... Rg8 26. Qg3 e5 (26...
Qc7 27. Qg6+ $1 Kh8 (27... fxg6 28. hxg6+ Kh6 29. Rg2 $18) 28. Qxf7 $16) (26...
Qe7 27. Ndxe6 (27. Qg6+ fxg6 28. hxg6+ Kh6 29. Ndxe6 Qxe6 30. Rh1+ Kg5 31.
Nxe6+ Kf6 32. Rxd7 Kxe6 33. Rxb7 Rc6 $13) 27... fxe6 28. Qg6+ Kh8 29. h6 Nf6
30. h7 Rgd8 31. Rxd8+ Rxd8 32. Qg5 Kxh7 33. Ng6 $18) 27. Nde6 Qf6 (27... exf4
28. Ng5+) (27... fxe6 28. Qg6+ Kh8 29. h6 Qf6 30. Rxd7 $18) 28. Ng5+ Kh8 29.
Ng6+ $1 $18) (25... Qe8 26. Qg3 Rg8 27. Ndxe6 fxe6 28. Qg6+ Kh8 29. h6 Qxg6 30.
Nxg6+ Kh7 31. Rxd7 Bc6 32. Ra7 Kxh6 33. Ne7 $16) 26. Nfxe6 $1 fxe6 27. Rxg7+
Kxg7 28. Nxe6+ Kh7 (28... Kf7 29. Nxc7 $18) 29. Nxc7 Rxc7 30. Qg5 $1 {The poor
coordination of black's pieces will cost him too dearly.} Ne5 (30... Rg8 31.
Qf5+ Kh8 32. Qf4 $18) (30... Nf6 31. Rd8 Rxd8 32. Qg6+ Kh8 33. Qxf6+ Kh7 34.
Qxd8 $18) 31. Qxe5 Rcf7 (31... Rg7 32. Qe6 $18) 32. Qe6 Rf6 (32... Rg7 33. Rd7
$18) 33. Rd7+ Kh6 34. Qe5 R8f7 (34... Bc8 35. Rd6 $18) 35. Rxf7 Rxf7 36. Qe6+
Kg7 37. h6+ Kf8 38. Qd6+ 1-0

[Event "Nanjing Pearl Spring 1st"]
[Site "Nanjing"]
[Date "2008.12.15"]
[Round "5"]
[White "Ivanchuk, Vassily"]
[Black "Movsesian, Sergei"]
[Result "1/2-1/2"]
[WhiteElo "2786"]
[BlackElo "2732"]
[Annotator "Ftacnik,L"]
[PlyCount "69"]
[EventDate "2008.12.11"]
[EventType "tourn"]
[EventRounds "10"]
[EventCountry "CHN"]
[EventCategory "21"]
[SourceTitle "CBM 128"]
[Source "ChessBase"]
[SourceDate "2009.01.28"]
[SourceVersion "1"]
[SourceVersionDate "2009.01.28"]
[SourceQuality "1"]

1. e4 c5 2. Nf3 d6 3. d4 cxd4 4. Nxd4 Nf6 5. Nc3 e6 6. Be3 Nc6 7. f4 a6 8. Qf3
Qa5 {The move spotted by Movsesian and it is too early to give a verdict; the
most common is the queen move to c7.} 9. Bd3 (9. O-O-O Nxd4 10. Rxd4 Bd7 11.
Bc4 Bc6 (11... Rc8 12. Bb3 Rxc3 13. bxc3 Qxc3 14. Kb1 Bc6 15. Rhd1 Be7 16. Bc1
Qa5 17. g4 (17. Bd2 $14) 17... d5 18. exd5 Nxd5 19. Bxd5 Bxd5 20. Rxd5 exd5 21.
Rxd5 Qb4+ 22. Qb3 f6 {1/2 Jakovenko,D (2720)-Movsesian,S (2677)/France 2008 
(35)}) 12. Rhd1 b5 13. Bb3 b4 14. Rc4 Bb7 15. Na4 (15. Ba4+ $5 Nd7 (15... Ke7
$2 16. Rxd6 bxc3 17. Bb6 $18) 16. Bxd7+ Kxd7 17. Rc5 Qd8 18. Na4 Ke8 19. Rc4
$16) 15... d5 16. exd5 Bxd5 17. Qe2 Be7 18. Nb6 O-O 19. Nxa8 Rxa8 20. Qd3 Bxc4
21. Qxc4 Nd5 22. Qc6 Rd8 23. Bxd5 Rxd5 24. Rxd5 Qxd5 25. Qxd5 exd5 26. Kd2 $14
{1/2 Bryson,D (2295)-Sommerfeld,A (2265)/Edinburgh 1988 (38)}) 9... Nxd4 10.
Bxd4 e5 11. Be3 exf4 {This is the structure, that Sergei prefers for Black in
Sicilian openings, the e4-pawn is left isolated and potentially vulnerable in
the future.} (11... Be7 12. f5 O-O 13. O-O-O b5 14. a3 $14) 12. Bd2 $5 (12.
Qxf4 Be7 13. Bd4 Be6 14. a3 $14) 12... Qc7 (12... Qb6 13. Qxf4 Be7 14. O-O-O
O-O 15. Kb1 $14) 13. Qxf4 Be6 14. Nd5 $5 {[%mdl 512] Ivanchuk wants to break
the pattern of the peaceful development and opts for a philosophical pawn
sacrifice. Black can not possibly take with the bishop, so the diagonals will
be open and Black's own bishop on the comical square d5.} (14. O-O-O O-O-O 15.
Kb1 d5 $1 $11) 14... Nxd5 (14... Bxd5 $2 15. exd5 Nxd5 16. Qe4+ Ne7 17. O-O $16
) 15. exd5 Bxd5 16. O-O-O (16. O-O Be6 17. Rae1 O-O-O $11) 16... Be6 (16...
O-O-O 17. Qg5 (17. Kb1 Be6 18. Bc3) 17... Be6 18. Ba5 Be7 19. Qh5 Qd7 20. Bxd8
Bxd8 21. Kb1 $14) 17. Rhe1 Be7 (17... O-O-O 18. Bf5 Bxf5 19. Qxf5+ Kb8 20. Bc3
$14) 18. Bc3 {Now it is clearly visible, what Vassily had in mind with his
sacrifice on d5. All the white pieces are exercising serious pressure and
Black has yet to finish development.} O-O-O (18... O-O $4 19. Qe4 $1 g6 20. Qd4
$18) 19. Kb1 (19. Bxg7 Rhg8 20. Bf6 Bxf6 21. Qxf6 Rxg2 $15) 19... Kb8 {The
next few moves will prove very difficult for such skilful players, both sides
miss what are objectively the best lines.} (19... d5 20. Qxc7+ Kxc7 21. Bxg7
Rhg8 22. Be5+ Bd6 23. g3 $14) 20. g3 (20. Bxg7 Rhg8 21. Qh6 $1 Qa5 22. c4 $16)
20... h5 (20... g5 21. Qe4 Rhe8 22. Qxh7 Qc8 23. a3 $14) 21. Bxg7 Rhg8 22. Bf6
$6 {Ivanchuk might have not been mentally ready to fight for the full point
with all his might. For some reason he is content with a small advantage and
then even equality.} (22. Bd4 $1 Rde8 23. Be4 $16) 22... Rg4 23. Qf2 Bxf6 24.
Qxf6 Rc8 25. Bf5 (25. b3 Qc5 $13) 25... Ra4 26. a3 (26. b3 Ra5 27. Bd3 Qc5 28.
Re4 $14) 26... Ra5 27. Bxe6 $6 {The birds of winning chances are losing their
wings with this modest move, Black has nothing more to fear.} (27. Bd3 Re5 28.
Rxe5 dxe5 29. Bf5 $14) 27... Qxc2+ 28. Ka2 fxe6 29. Rc1 (29. Qxe6 Rb5 30. Qxd6+
Ka8 31. Qd4 Qxh2 $11) 29... Qf5 30. Rxc8+ Kxc8 31. Rxe6 {Instead of an equal
rook ending White decided to let his opponent finish the game with perpetual
check.} (31. Qxe6+ Qxe6+ 32. Rxe6 Kd7 33. Rh6 Rf5 $11) 31... Qd5+ 32. Ka1 Qd1+
33. Ka2 Qd5+ 34. Ka1 Qd1+ 35. Ka2 1/2-1/2

[Event "EU-chT (Men) 12th"]
[Site "Batumi"]
[Date "1999.11.29"]
[Round "1.4"]
[White "Grischuk, Alexander"]
[Black "Ibrahimov, Rasul"]
[Result "1-0"]
[WhiteElo "2549"]
[BlackElo "2396"]
[Annotator "Ftacnik,L"]
[PlyCount "69"]
[EventDate "1999.11.06"]
[EventType "team-swiss"]
[EventRounds "9"]
[EventCountry "GEO"]
[SourceTitle "CBM 074"]
[Source "ChessBase"]
[SourceDate "2000.02.01"]
[SourceVersion "1"]
[SourceVersionDate "2000.02.01"]
[SourceQuality "1"]
[WhiteTeam "Russia"]
[BlackTeam "Azerbaijan"]
[WhiteTeamCountry "RUS"]
[BlackTeamCountry "AZE"]

1. e4 c5 2. Nf3 d6 3. d4 Nf6 4. Nc3 cxd4 5. Nxd4 a6 6. f3 e6 7. Be3 b5 8. g4 h6
9. Qd2 Bb7 10. O-O-O Nbd7 11. h4 b4 12. Na4 Qa5 13. b3 Nc5 (13... d5 $143 $2
14. e5 $1 (14. Bh3 {-12...d5?!}) 14... Nxe5 15. Nxe6 $1 $16 {/\Bb6}) (13... Be7
14. Kb1 $1 (14. Bh3 $143 $6 g5 $1 $13) (14. Bd3 Nc5 15. g5 Nfd7 16. g6 Ne5 17.
gxf7+ Kxf7 18. Be2 Nxa4 19. bxa4 Rac8 20. Rhg1 Bf6 21. f4 Nc4 22. Bxc4 Rxc4 23.
e5 dxe5 24. Nb3 Qd5 25. Qf2 Qe4 26. Nc5 Rxc2+ 27. Qxc2 Qxe3+ 28. Kb1 Bd5 $44 {
Korneev,O-Galkin,A/Novgorod/1997/}) 14... Nc5 $142 $5 (14... d5 15. e5 $1 $16 (
15. Bh3 $5 dxe4 16. g5 hxg5 17. hxg5 Nd5 18. g6 O-O-O 19. fxe4 Nc3+ 20. Nxc3
bxc3 21. Qe2 Nc5 22. gxf7 Rxh3 23. Rxh3 Bxe4 24. Bc1 e5 25. Ne6 Rxd1 26. Rh8+
Kd7 27. f8=N+ {1-0,Korneev,O-Herrera,I/Malaga op/1999/})) 15. Nxc5 (15. a3 $6
Nxa4 16. axb4 Qc7 17. bxa4 d5 18. e5 Nd7 19. f4 Nb6 20. a5 Na4 $1 $36) 15...
dxc5 16. Ne2 Rd8 17. Qe1 $14 {צh8}) 14. a3 (14. Nxc5 $2 dxc5 $17 {/\Qa2}) (14.
Bh3 $143 $6 Nxa4 15. bxa4 Qxa4 16. g5 Nd7 $1 17. g6 Nc5 18. gxf7+ Kxf7 19. Kb1
Qa3 20. Nc6 Na4 21. Bxe6+ Ke8 22. Bf7+ Kd7 23. Ne5+ Kc7 24. Bd4 {0-1,Blodstein,
A-Har Zvi,R/Tel Aviv act/1996/}) 14... Nxa4 15. axb4 Qc7 16. bxa4 d5 (16... Nd7
17. Nb3 Be7 (17... d5 18. Na5 $36) 18. Bd4 O-O 19. g5 h5 20. Bd3 Rfc8 21. f4 g6
22. Rhg1 Bc6 23. b5 axb5 24. axb5 Bb7 25. Qf2 {1/2-1/2 Murawski,G-Stypka,M/
Lubniewice/1994/ (51)}) 17. e5 Nd7 (17... Qxe5 $2 18. Bf4 $18) 18. f4 (18. Bf4
Nxe5 19. Re1 Bd6 $17 {/\Nd3}) 18... Nb6 (18... a5 19. Nb5 Qc8 20. bxa5 (20. Bd4
axb4 21. Nd6+ Bxd6 22. exd6 $13) 20... d4 21. Nxd4 Bxh1 22. Bb5 Bd5 23. Nb3
Ba3+ 24. Kb1 O-O {1-0 Paragua,M-Leroy,A/Linares 1995/ (63)}) 19. f5 $5 {
[%mdl 4] This interesting concept was used in three games of the current
magazine. It is certainly dangerous for black, but matters are not so clear.} (
19. a5 Nc4 20. Qc3 $8 Qe7 $1 21. Bxc4 dxc4 22. Bd2 $5 (22. Rh3 Qxb4 23. Qxb4
Bxb4 24. Bd2 Bc5 $15 {^^,/-/+}) (22. b5 $2 Bxh1 23. Rxh1 axb5 24. Nxb5 Qb7 $19)
22... Bxh1 23. Rxh1 Qb7 24. Rd1 (24. Re1 Rb8 $17) 24... Be7 (24... Rb8 25. Qxc4
{/\} Bxb4 $2 26. Bxb4 Qxb4 27. Qxb4 Rxb4 28. Nc6 $18) (24... Qd5 $5) 25. Qf3 $1
{0-1 Topalov,V-Kasparov,G/Linares/1999/ (61)}) (19. Rh3 Nxa4 20. Bf2 Rc8 21.
Be1 Nb6 (21... Be7 22. Ra3 (22. b5 Nc5 $1) 22... Nb6) 22. Ra3 (22. f5 $5) 22...
Nc4 23. Bxc4 dxc4 24. Qe2 (24. c3) (24. f5) 24... Qb6 25. c3 Bd5 26. Qc2 Ra8
27. f5 Qb7 28. Qa4+ Qd7 29. fxe6 Qxa4 30. exf7+ Kxf7 31. Rxa4 Be7 {1/2-1/2
Bologan,V-Novikov,I/Philadelphia/1999/ (43)}) 19... Nxa4 (19... Qxe5 20. fxe6
fxe6 21. Re1 $16) 20. fxe6 Nc3 (20... Qc3 $5 21. exf7+ Kxf7 22. e6+ Kg8 (22...
Ke8 23. Qxc3 Nxc3 24. Re1 Bxb4 25. Bd3 Na2+ 26. Kb2 Bxe1 27. Bg6+ Ke7 28. Rxe1
Nb4 29. Nf5+ $16) 23. Qxc3 Nxc3 24. Rd3 Bxb4 25. Kb2 Rc8 26. Bg2 Kh7 $13) 21.
exf7+ Kxf7 (21... Ke7 22. e6 $1 Nxd1 23. Bg5+ hxg5 24. Qxg5+ Kd6 25. Qf4+ $18)
22. Bd3 Bxb4 (22... Nxd1 23. e6+ Kg8 24. Rxd1 a5 25. b5 $40) 23. Rdf1+ Kg8 $2 {
Strangely enough this might prove to be the critical mistake. The surprising
king retreat to e8 might prove to be playble.} (23... Ke8 $5 24. Bg6+ (24. Qf2)
24... Kd8 (24... Ke7 $2 25. Rf7+ Kd8 26. Ne6+ $18) 25. Qf2 (25. Qh2 Na2+ 26.
Kd1 Nc3+ 27. Ke1 Qb6 $17) (25. Ne6+ Kd7 (25... Kc8 26. Qh2 Qe7 27. Nd4 $13) 26.
Nc5+ Kc6 27. Qd3 Qxe5 28. Nxb7 Kxb7 $17) 25... Qxe5 $19) 24. Qf2 Ba3+ (24...
Re8 25. e6 Rf8 26. Qf7+ Rxf7 27. exf7+ Qxf7 28. Rxf7 Kxf7 29. Rf1+ Kg8 30. Bg6
Ba3+ 31. Kd2 Ne4+ 32. Kd3 Nd6 (32... a5 33. Rf7 $1 Ba6+ 34. c4 Nd6 35. Ra7
dxc4+ 36. Kc2 Bc8 37. Ra8 $18) 33. Ne6 {1-0 Grischuk,A-Popov,V/St Petersburg/
1999/ (33)}) (24... Na2+ 25. Kb2 Nc3 26. Qf5 Na4+ 27. Ka2 Nc3+ 28. Kb3 $16) 25.
Kd2 Bb4 26. Qf5 Ne4+ (26... Re8 27. e6 Ne4+ 28. Kd1 Qg3 29. Qf7+ Kh7 30. Rf3
Qb8 31. Rf6 $1 {1-0 Zulfugarli,M-Cvitan,O/Batumi/1999/ (31)}) (26... Bc8 27. e6
Ne4+ 28. Kd1 Nc3+ 29. Kc1 Ba3+ 30. Kd2 Na2 31. Nc6 $18) 27. Kd1 Rf8 (27... Nc3+
28. Kc1 Ba3+ 29. Kd2 Ne4+ 30. Bxe4 dxe4 31. Qe6+ Kh7 32. Rf7 $18) 28. Qe6+ Kh7
29. g5 $1 {Black king is under fire despite his hiding on h7 while his white
counterpart sits pretty on d1.} Rhg8 (29... Rxf1+ 30. Rxf1 hxg5 31. hxg5 $18)
30. gxh6 g6 (30... Kh8 31. hxg7+ Qxg7 32. Rfg1 $18) 31. h5 $1 Bc8 (31... gxh5
32. Rxf8 Rxf8 33. Bxe4+ dxe4 34. Rg1 $18) 32. hxg6+ Rxg6 33. Qxg6+ $1 Kxg6 34.
Rfg1+ Kh7 (34... Kf7 35. Rg7+ $18) 35. Rg7+ (35. Rg7+ Qxg7 36. hxg7+ Kxg7 37.
Bh6+ $18) 1-0

[Event "Yongchuan zt 3.3"]
[Site "Yongchuan"]
[Date "2003.07.21"]
[Round "9"]
[White "Ni, Hua"]
[Black "Xu, Jun"]
[Result "1-0"]
[WhiteElo "2533"]
[BlackElo "2626"]
[Annotator "Ftacnik,L"]
[PlyCount "49"]
[EventDate "2003.07.11"]
[EventType "tourn"]
[EventRounds "11"]
[EventCountry "CHN"]
[EventCategory "12"]
[SourceTitle "CBM 097"]
[Source "ChessBase"]
[SourceDate "2003.11.11"]
[SourceVersion "1"]
[SourceVersionDate "2003.11.11"]
[SourceQuality "1"]

1. e4 c5 2. Nf3 d6 3. d4 cxd4 4. Nxd4 Nf6 5. Nc3 a6 6. Be3 e6 7. f3 Be7 8. Qd2
O-O 9. O-O-O Nc6 10. g4 Nxd4 11. Bxd4 b5 12. Kb1 Nd7 13. h4 Qc7 14. h5 b4 15.
Ne2 Ne5 16. Ng1 a5 17. g5 Ba6 18. g6 $5 {White understands, that his chances
are connected with the speed and efficiency of the kingside attack.} fxg6 (
18... h6 19. Bxa6 Rxa6 20. gxf7+ Rxf7 21. Bxe5 dxe5 22. Qd7 $11) 19. hxg6 hxg6
(19... Nxg6 20. Bh3 Nf4 21. Bf5 exf5 22. Qxf4 Rac8 23. Rd2 $13) 20. Bh3 (20.
Bxa6 Rxa6 21. f4 Nc4 22. Qh2 e5 $11) 20... Bc8 21. f4 (21. Qh2 Nc6 22. Ne2 $14)
(21. Qg2 a4 22. Bxe5 dxe5 $13) 21... Nc4 22. Qd3 (22. Qh2 e5 23. fxe5 dxe5 24.
Bf1 Bg4 $11) 22... Rxf4 23. Ne2 (23. Bf1 Ba6 24. Qh3 Kf7 25. Qg3 e5 26. Nh3 Rf6
27. Ng5+ Ke8 $11) 23... Rf7 $2 (23... Rh4 24. Bf2 Rh6 25. Nd4 Ne5 $11) (23...
Rf8 24. Bg2 Qc6 (24... Bb7 25. Qh3 $16) 25. Qh3 e5 $15) 24. Bf5 $3 {[%mdl 64]
Impressive tactical idea, Ni Hua will occupy h file with a devastating effect
for his opponent.} exf5 (24... gxf5 25. Qh3 Bh4 (25... Rf6 26. Rdg1 $1 $18) (
25... Rf8 26. Rdg1 $1 Nd2+ 27. Kc1 $18) 26. Qxh4 Kf8 27. Qg5 Ke8 28. Rh8+ Kd7
29. Nf4 $40) 25. Qh3 (25. Qh3 Rf6 (25... Bh4 26. Qxh4 Kf8 27. exf5 gxf5 28. Nf4
$18) 26. Qh8+ Kf7 27. Rh7 Bf8 28. Bxf6 Kxf6 29. Qxf8+ Qf7 30. Qd8+ $18) 1-0

[Event "Keres Memorial-A"]
[Site "Tallinn"]
[Date "2008.01.14"]
[Round "9"]
[White "Yemelin, Vasily"]
[Black "Kanep, Meelis"]
[Result "1-0"]
[WhiteElo "2562"]
[BlackElo "2523"]
[Annotator "Ftacnik,L"]
[PlyCount "63"]
[EventDate "2008.01.06"]
[EventType "tourn"]
[EventRounds "9"]
[EventCountry "EST"]
[EventCategory "10"]
[SourceTitle "CBM 122 Extra"]
[Source "ChessBase"]
[SourceDate "2008.03.04"]
[SourceVersion "1"]
[SourceVersionDate "2008.03.04"]
[SourceQuality "1"]

1. e4 c5 2. Nf3 d6 3. d4 cxd4 4. Nxd4 Nf6 5. Nc3 a6 6. Be3 e6 7. f3 b5 8. Qd2
Nbd7 9. g4 h6 10. O-O-O Bb7 11. h4 b4 12. Na4 Qa5 13. b3 Nc5 14. a3 Nxa4 15.
axb4 Qc7 16. bxa4 Nd7 (16... d5 17. e5 Nd7 18. f4 Nb6 $13) 17. a5 (17. Kb2 d5
18. exd5 Bxd5 19. c4 Bxb4 20. Qxb4 Bxf3 21. Bd3 Bxd1 22. Rxd1 Rb8 23. Nb5 Qe5+
24. Kc2 axb5 25. Ba7 bxc4 26. Bxb8 cxd3+ {0-1 Kadziolka,B (2295)-Parligras,M 
(2553)/Bad Wiessee 2007}) 17... Ne5 $5 {Kanep comes up with a fresh idea in a
much discussed position.} (17... d5 18. Bf4 e5 19. Bg3 dxe4 20. Nf5 g6 (20...
exf3 21. Bc4 Rd8 22. Rhe1 Be7 23. Qc3 Kf8 24. Nxe7 Kxe7 25. Bxe5 Nxe5 26. Qxe5+
Qxe5 27. Rxe5+ Kf6 28. Rf5+ Kg6 29. Bd3 h5 30. Rd5+ {1-0 Kulaots,K (2514)
-Hracek,Z (2584)/Istanbul 2003}) 21. Ne3 exf3 22. Bc4 Nf6 23. Rhe1 f2 24. Qxf2
Ne4 25. Bxe5 Nxf2 26. Bxc7 Nxd1 27. Nd5+ Kd7 {1/2 Kovchan,A (2536)-Kulaots,K 
(2513)/Kharkov 2003 (51)}) 18. b5 (18. Bf4 $5) 18... d5 (18... axb5 19. Bf4 $1
(19. Bxb5+ Ke7 20. Bf4 Rxa5 $14) 19... Qxa5 (19... Rxa5 $2 20. Nxb5 Qb6 21.
Bxe5 Rxb5 22. Bxb5+ Qxb5 23. Bxd6 $18) 20. Qxa5 Rxa5 21. Bxb5+ Ke7 22. Kb2 Nxf3
23. Bxd6+ Kxd6 24. Nb3+ Ke5 25. Nxa5 Bxe4 $13) 19. b6 Ba3+ $2 {[%mdl 16384] A
terrible mistake typical of players fighting with their emotions. The bishop
will be exposed on a3 and the white king feels safer on the b1-square.} (19...
Qd7 $1 20. exd5 (20. Bf4 Qa4 21. Kb1 Bb4 22. Qe3 Nc4 $13) 20... Qa4 (20... Bxd5
21. Kb2 Qa4 22. Ra1 Nc4+ 23. Bxc4 Qxc4 24. Rhe1 $14) 21. Nb3 Nxf3 22. Qf2 Qa2
23. Qxf3 Rc8 24. Bd3 Bxd5 25. b7 Ba3+ 26. Kd2 Bb4+ 27. Kc1 Ba3+ $11) 20. Kb1
Qe7 21. Bf4 Ng6 (21... f6 22. exd5 Bxd5 23. Nf5 Qb7 24. Qd4 Bxf3 25. Qa4+ $16)
22. Bc7 $1 Nxh4 {Black did not want to provoke his dangerous opponent, but was
rather choosing between depressing options.} (22... dxe4 23. fxe4 Nxh4 (23...
Bxe4 24. Rh3 O-O 25. h5 $16) 24. Qc3 Ng6 25. Bxa6 $1 Rxa6 26. Nc6 $18) (22...
O-O 23. h5 Nh8 24. exd5 Bxd5 25. c4 Bb7 26. Bd3 $16) (22... Bb4 23. c3 Bxa5 24.
Nb3 Qa3 25. Qb2 $18) 23. Qc3 Bb4 (23... Ng6 24. exd5 Bxd5 25. Nf5 Qc5 26. Qxc5
Bxc5 27. Rxd5 exd5 28. b7 $18) 24. Qb3 Bc5 25. exd5 Bxd5 (25... O-O 26. Bc4 $16
) 26. Bc4 {The opening of the position comes at a truly unsuitable moment; the
defender is ill prepared for any clash.} Bb7 (26... Bxc4 27. Qxc4 O-O 28. Nc6
Qg5 29. f4 Qxg4 30. Qxc5 $18) 27. Nxe6 (27. Qa4+ Kf8 28. Nb3 $18) 27... fxe6
28. Rhe1 {Yemelin did not have to think twice about breaking through. Black's
opening concept has failed spectaculary..} Kf8 (28... Bc8 29. Bxe6 Bxe6 30.
Rxe6 $18) 29. Rxe6 Qg5 30. Re5 Nxf3 31. Rxg5 hxg5 32. Bd5 (32. Qd3 Rh6 33. Qf5+
$18) 1-0